REFA Nachrichten Zeitschrift für Arbeitstudien

Gespeichert in:
Bibliographische Detailangaben
Format: Schriftenreihe
Sprache:Deutsch
Veröffentlicht: Darmstadt REFA 1970
Tags: Tag hinzufügen
Keine Tags, Fügen Sie das erste Tag hinzu!

MARC

LEADER 00000nas2a2200000$$$4500
001 0017796
005 20250730114358.4
041 0 |a ger 
044 |a DE 
245 1 0 |a REFA Nachrichten  |b Zeitschrift für Arbeitstudien 
264 1 |a Darmstadt  |b REFA  |c 1970 
300 |a 1 zv. 
773 0 |w eu_un_cat*0017795